| 000 | 00530cab a2200217 4500 | ||
|---|---|---|---|
| 001 | X661 | ||
| 008 | 090401t1993 xxu||||| |||| 00| 0 eng d | ||
| 035 | _a(Sirsi) u66872 | ||
| 041 | _aeng | ||
| 100 | _aRajak, H. | ||
| 245 | _aEuropean cross-border insolvency developments | ||
| 260 | _c1993 | ||
| 350 | _a0 | ||
| 490 |
_aEuropean Business Monitor _v5(7) April 1993, 54-56(3) |
||
| 650 | _aDIRECTIVE 80/987/EEC | ||
| 650 | _aEUROPE | ||
| 650 |
_aInsolvency _96247 |
||
| 690 | _aLAW | ||
| 942 | _n0 | ||
| 948 | _c04/03/1997 | ||
| 999 |
_c41794 _d41794 |
||